| 000 | 01149cam a2200313 a 4500 | ||
|---|---|---|---|
| 001 | 33679 | ||
| 005 | 20230410115556.0 | ||
| 008 | 030814s2004 nyua b 001 0 eng | ||
| 035 | _a13313551 | ||
| 925 | 0 |
_aacquire _b2 shelf copies _xpolicy default |
|
| 942 |
_2lcc _cbk |
||
| 010 | _a2003060370 | ||
| 020 | _a1565848411 (pbk.) | ||
| 040 |
_aDLC _cDLC _dDLC |
||
| 050 | 1 | 4 |
_aHF 1385 _bW187w 2004 |
| 082 | 0 | 0 |
_a382/.92 _222 |
| 100 | 1 | _aWallach, Lori. | |
| 245 | 1 | 0 |
_aWhose trade organization? : _ba comprehensive guide to the WTO / _cLori Wallach and Patrick Woodall. |
| 246 | 3 | 0 | _aComprehensive guide to the WTO |
| 260 |
_aNew York : _bNew Press, _c2004. |
||
| 300 |
_a404 p. : _bill. ; _c24 cm. |
||
| 500 | _a"A different book with a similar title was published by Public Citizen, Washington, D.C., 1999"--T.p. verso. | ||
| 504 | _aIncludes bibliographical references (p. [293]-372) and index. | ||
| 610 | 2 | 0 | _aWorld Trade Organization. |
| 650 | 0 |
_aInternational trade _xPolitical aspects. |
|
| 650 | 0 | _aWorld politics. | |
| 700 | 1 | _aWoodall, Patrick. | |
| 856 | 4 | 1 |
_3Table of contents _uhttp://www.loc.gov/catdir/toc/fy045/2003060370.html |
| 999 |
_c43913 _d43913 |
||